Logo BPK

Biblioteka

Politechniki Koszalińskiej

Rosja i jej sąsiedzi / (Rekord nr 39181)

Szczegóły MARC
000 -ETYKIETA REKORDU
podpole kontrolne o stałej długości 01209nam a2200265 i 4500
001 - NUMER KONTROLNY REKORDU
pole kontrolne bg
020 ## - MIĘDZYNARODOWY ZNORMALIZOWANY NUMER KSIĄŻKI - ISBN
ISBN 8387832200
040 ## - ŹRÓDŁO KATALOGOWANIA
Instytucja, która utworzyła rekord BPK
041 0# - KOD JĘZYKA
Kod języka tekstu pl
080 ## - UNIWERSALNA KLASYFIKACJA DZIESIĘTNA - UKD
UKD 327(470+571]:[483+474+476)"1991/...":338.12(470+571)"1991/..."
920 ## - Międzynarodowy znormalizowany numer książki – ISBN
ISBN 83-87832-20-0
008 - POLE O STAŁEJ DŁUGOŚCI - DANE KONTROLNE
podpole kontrolne o stałej długości s pl f |000 0 pol
245 00 - TYTUŁ/ODPOWIEDZIALNOŚĆ
Tytuł Rosja i jej sąsiedzi /
Pozostałe elementy strefy tytułu i oznaczenia odpowiedzialności [aut. Witold Rodkiewicz ; Instytut Studiów Strategicznych, Friedrich Ebert Stiffung. Przedstawicielstwo w Polsce].
260 ## - STREFA ADRESU WYDAWNICZEGO
Miejsce wydania Kraków :
Nazwa wydawcy/dystrybutora "Meritum",
Data publikacji, dystrybucji/powstania dokumentu 2000.
300 ## - STREFA OPISU FIZYCZNEGO
Objętość 105 s. :
Inne cechy fizyczne 2 wykr. ;
Rozmiary 21 cm.
490 1# - STREFA SERII I DOKUMENTU WIELOCZĘŚCIOWEGO - FORMA NIE DO WYSZUKIWANIA
Tytuł i oznaczenie odpowiedzialności serii Zeszyty / Fundacja "Międzynarodowe Centrum Rozwoju Demokracji" ;
Numeracja w obrębie serii 40
500 ## - UWAGI OGÓLNE
Tekst uwagi Materiały z seminarium pt.: Rosyjski kryzys i jego konsekwencje, które odbyło się 12.10.1998 r. oraz z seminarium pt.: Rosja jej sąsiedzi, które odbyło się 18.03.1999 r. w Krakowie.
650 #9 - HASŁO PRZEDMIOTOWE W FORMIE NAZWY OGÓLNEJ LUB JEDNOSTKOWEJ
Nazwa ogólna lub geograficzna Rosja a Polska
Określnik ogólny polityka
Określnik chronologiczny od 1991 r.
650 #9 - HASŁO PRZEDMIOTOWE W FORMIE NAZWY OGÓLNEJ LUB JEDNOSTKOWEJ
Nazwa ogólna lub geograficzna Rosja a Białoruś
Określnik ogólny polityka
Określnik chronologiczny od 1991 r.
650 #9 - HASŁO PRZEDMIOTOWE W FORMIE NAZWY OGÓLNEJ LUB JEDNOSTKOWEJ
Nazwa ogólna lub geograficzna Rosja a kraje bałtyckie
Określnik ogólny polityka
Określnik chronologiczny od 1991 r.
650 #9 - HASŁO PRZEDMIOTOWE W FORMIE NAZWY OGÓLNEJ LUB JEDNOSTKOWEJ
Nazwa ogólna lub geograficzna Kryzys gospodarczy
Określnik ogólny Rosja
Określnik chronologiczny od 1991 r.
655 ## - TERMIN INDEKSOWY - OKREŚLENIE RODZAJU/FORMY DOKUMENTU
Określenie rodzaju/formy dokumentu Materiały konferencyjne
830 #0 - HASŁO DODATKOWE SERII LUB DOKUMENTU WIELOCZĘŚCIOWEGO - TYTUŁ UJEDNOLICONY
Tytuł ujednolicony Zeszyty (Fundacja "Międzynarodowe Centrum Rozwoju Demokracji") ;
Oznaczenie tomu 40
856 ## - LOKALIZACJA I DOSTĘP DO ELEKTRONICZNYCH DOKUMENTÓW ZDALNYCH
Link (URL) http://koha.tu.koszalin.pl/cgi-bin/koha/opac-detail.pl?biblionumber=39181
Tekst linku Katalog online BPK
942 ## - DODATKOWE ELEMENTY (KOHA)
Typ dokumentu Książka
Egzemplarze
Wycofany Status egzemplarza Uszkodzony Dostępność Lokalizacja stała Lokalizacja bieżąca Miejsce przechowywania Sygnatura Kod kreskowy Status: wypożyczony Typ dokumentu
      Dostępny Biblioteka Politechniki Koszalińskiej Biblioteka Politechniki Koszalińskiej Wypożyczalnia BG 58210 01541847 01.12.2026 Książka
© 2023 Biblioteka Politechniki Koszalińskiej :: KOHA